Co chtějí nebydlící. K jedné občanské iniciativě.
Vznik novej občianskej iniciatívy pod názvom Výbor nebývajúcich občanov ČR. Zameriava sa na iniciatívu pri formovaní zásad štátnej bytovej politiky, podporu foriem sociálne únosnej bytovej výstavby na neziskovom princípe, súčinnosť s predstaviteľmi obcí, poradenský a právny servis nebývajúcim, infor...
Guardado en:
| Autor principal: | |
|---|---|
| Formato: | Capítulo de libro |
| Lenguaje: | checo |
| Materias: | |
| Etiquetas: |
Sin Etiquetas, Sea el primero en etiquetar este registro!
|
MARC
| LEADER | 00000naa a2200000 4500 | ||
|---|---|---|---|
| 001 | r011931 | ||
| 005 | 20220826093333.7 | ||
| 041 | 0 | |a cze | |
| 044 | |a CZ | ||
| 245 | 1 | 0 | |a Co chtějí nebydlící. |b K jedné občanské iniciativě. |c F. Povolný |
| 520 | |a Vznik novej občianskej iniciatívy pod názvom Výbor nebývajúcich občanov ČR. Zameriava sa na iniciatívu pri formovaní zásad štátnej bytovej politiky, podporu foriem sociálne únosnej bytovej výstavby na neziskovom princípe, súčinnosť s predstaviteľmi obcí, poradenský a právny servis nebývajúcim, informačný servis v oblasti ponuky a dopytu. Terajšia situácia v bytovej politike a výstavbe v ČR. | ||
| 610 | 2 | 0 | |a politika bytová |
| 610 | 2 | 0 | |a byty |
| 610 | 2 | 0 | |a výstavba bytová |
| 610 | 2 | 0 | |a obce |
| 610 | 2 | 0 | |a Čechy |
| 610 | 2 | 0 | |a politika sociálna |
| 100 | 1 | |a Povolný, F. | |